ბათუმის შოთა რუსთაველის სახელმწიფო უნივერსიტეტის ბიბლიოთეკა

Психология спорта. (ბიბ.ჩანაწერი № 44283)

000 -LEADER
fixed length control field 00761nam a2200265Ia 4500
001 - CONTROL NUMBER
control field 11041
003 - CONTROL NUMBER IDENTIFIER
control field GE_BSU
008 - FIXED-LENGTH DATA ELEMENTS--GENERAL INFORMATION
fixed length control field 181216s||||||||xx |||||||||||||| ||und||
020 ## - INTERNATIONAL STANDARD BOOK NUMBER
International Standard Book Number 9785459011678
040 ## - CATALOGING SOURCE
Transcribing agency GE_BSU
080 ## - UNIVERSAL DECIMAL CLASSIFICATION NUMBER
Universal Decimal Classification number 159.9:796
100 ## - MAIN ENTRY--PERSONAL NAME
Personal name Ильин,Е.П.
245 ## - TITLE STATEMENT
Title Психология спорта.
245 ## - TITLE STATEMENT
Statement of responsibility, etc. Вед.ред.О.Кувакина,худ.К.Радзевич.
260 ## - PUBLICATION, DISTRIBUTION, ETC.
Place of publication, distribution, etc. Москва
260 ## - PUBLICATION, DISTRIBUTION, ETC.
Name of publisher, distributor, etc. Питер.
260 ## - PUBLICATION, DISTRIBUTION, ETC.
Date of publication, distribution, etc. 2012.
300 ## - PHYSICAL DESCRIPTION
Extent 352стр,илл,24см.
300 ## - PHYSICAL DESCRIPTION
Accompanying material Библиогр:с.333-334. Приложения:с.336-351.
653 ## - INDEX TERM--UNCONTROLLED
Uncontrolled term Психология
653 ## - INDEX TERM--UNCONTROLLED
Uncontrolled term Психология спорта.
653 ## - INDEX TERM--UNCONTROLLED
Uncontrolled term ფსიქოლოგია
942 ## - ADDED ENTRY ELEMENTS (KOHA)
Koha item type წიგნი
ეგზემპლარები
Withdrawn status Lost status Damaged status Not for loan Date acquired Barcode Date last seen Price effective from Koha item type
        2018-12-17 35376 2018-12-17 2018-12-17 წიგნი
        2018-12-17 35377 2018-12-17 2018-12-17 წიგნი